A handbook for translator trainers : (Record no. 21978)

MARC details
000 -LEADER
fixed length control field 01874cam a2200361 a 4500
001 - CONTROL NUMBER
control field 14009290
003 - CONTROL NUMBER IDENTIFIER
control field EG-ScBUE
005 - DATE AND TIME OF LATEST TRANSACTION
control field 20220420102235.0
008 - FIXED-LENGTH DATA ELEMENTS--GENERAL INFORMATION
fixed length control field 050620r20122005enk f bd 001 0 eng d
020 ## - INTERNATIONAL STANDARD BOOK NUMBER
International Standard Book Number 1900650819
020 ## - INTERNATIONAL STANDARD BOOK NUMBER
International Standard Book Number 9781900650816
040 ## - CATALOGING SOURCE
Original cataloging agency DLC
Language of cataloging eng
Description conventions rda
Transcribing agency DLC
Modifying agency EG-ScBUE
082 04 - DEWEY DECIMAL CLASSIFICATION NUMBER
Edition number 22
Classification number 418.020711
Item number KEL
100 1# - MAIN ENTRY--PERSONAL NAME
Personal name Kelly, Dorothy,
Relator term author.
9 (RLIN) 40352
245 12 - TITLE STATEMENT
Title A handbook for translator trainers :
Remainder of title a guide to reflective practice /
Statement of responsibility, etc Dorothy Kelly.
250 ## - EDITION STATEMENT
Edition statement Reprint edition.
264 #1 - PUBLICATION, DISTRIBUTION, ETC. (IMPRINT)
Place of publication, distribution, etc Manchester, UK ;
-- Northampton, MA :
Name of publisher, distributor, etc St. Jerome Publishing,
Date of publication, distribution, etc 2012.
300 ## - PHYSICAL DESCRIPTION
Extent 173 pages :
Other physical details illustrations ;
Dimensions 25 cm.
336 ## - CONTENT TYPE
Source rdacontent
Content type term text
Content type code txt
337 ## - MEDIA TYPE
Source rdamedia
Media type term unmediated
Media type code n
338 ## - CARRIER TYPE
Source rdacarrier
Carrier type term volume
Carrier type code nc
490 0# - SERIES STATEMENT
Series statement Translation practices explained
500 ## - GENERAL NOTE
General note Includes glossary.<br/>
504 ## - BIBLIOGRAPHY, ETC. NOTE
Bibliography, etc Includes bibliographical references and index.<br/>
505 ## - FORMATTED CONTENTS NOTE
Formatted contents note Chapter 1. Setting the Scene -- Chapter 2. Planning and writing objectives/outcomes -- Chapter 3. Participants in the training process: trainees and trainers -- Chapter 4. Curricular content --<br/>Chapter 5. Resources, old and new -- Chapter 6. Method: teaching and learning activities -- Chapter 7. Sequencing --<br/>Chapter 8. Assessment -- Chapter 9. Training the trainers.
520 ## - SUMMARY, ETC.
Summary, etc This text offers practical guidance to sound training practices in different contexts. It will be of use to language teachers new to translation, to professional translators new to teaching or training, to graduates in translation embarking on academic careers in translation studies, & to experienced trainers to train new trainers.
650 #7 - SUBJECT ADDED ENTRY--TOPICAL TERM
Topical term or geographic name as entry element Translators
General subdivision Training of.
Source of heading or term BUEsh
9 (RLIN) 41336
651 ## - SUBJECT ADDED ENTRY--GEOGRAPHIC NAME
Source of heading or term BUEsh
653 ## - INDEX TERM--UNCONTROLLED
Arrived date list July2016
Resource For college Humanities: English
653 ## - INDEX TERM--UNCONTROLLED
Resource For college Humanities: English
Arrived date list October2016
655 ## - INDEX TERM--GENRE/FORM
Form subdivision Reading book
9 (RLIN) 34232
942 ## - ADDED ENTRY ELEMENTS (KOHA)
Source of classification or shelving scheme Dewey Decimal Classification
Edition 22
Call number prefix 418.020711 KEL
Koha item type Book - Borrowing
Holdings
Withdrawn status Lost status Source of classification or shelving scheme Damaged status Not for loan Collection code Home library Current library Shelving location Date acquired Source of acquisition Cost, normal purchase price Serial Enumeration / chronology Total Checkouts Full call number Barcode Date last seen Cost, replacement price Price effective from Koha item type Date checked out
    Dewey Decimal Classification     Baccah Central Library Central Library Second Floor 18/07/2016 Purchase 283.00 25868   418.020711 KEL 000032891 15/07/2025 354.00 18/07/2016 Book - Borrowing  
    Dewey Decimal Classification     Baccah Central Library Central Library Second Floor 05/10/2016 Purchase 300.00 26103 1 418.020711 KEL 000033471 15/07/2025 375.00 05/10/2016 Book - Borrowing 23/10/2016